[Event "Concordia op 4th"]
[Site "Concordia"]
[Date "2018.07.01"]
[Round "5"]
[White "Guimaraes, Diogo Duarte"]
[Black "Delavy, Jhenifer Vitoria Co"]
[Result "1-0"]
[WhiteElo "2272"]
[BlackElo "1537"]
[PlyCount "73"]
[EventDate "2018.06.29"]
[EventType "swiss"]
[EventRounds "6"]
[EventCountry "BRA"]
[SourceTitle "EXT 2019"]
[Source "ChessBase"]
[SourceDate "2018.10.10"]
[SourceVersion "1"]
[SourceVersionDate "2018.10.10"]
[SourceQuality "1"]

1. e4 c5 2. Nf3 d6 3. d4 cxd4 4. Nxd4 Nf6 5. Nc3 Nc6 6. Be3 e6 7. Qf3 Be7 8. 0-0-0 a6 9. Nxc6 bxc6 10. e5 Nd5 11. exd6 Qxd6 12. Ne4 Qc7 13. Bd3 0-0 14. c4 Nf6 15. Bd2 Bd7 16. g4 Nxe4 17. Qxe4 g6 18. h4 Bf6 19. g5 Bg7 20. h5 Qe5 21. Bc3 Qxg5+ 22. f4 Qe7 23. hxg6 hxg6 24. Bxg7 Kxg7 25. Qe5+ f6 26. Qe4 f5 27. Qd4+ e5 28. fxe5 c5 29. Qe3 Rh8 30. Rhg1 Be6 31. Rg5 Rag8 32. Be2 Rh4 33. Rdg1 Kf7 34. Qg3 Rh6 35. Bh5 Qxg5+ 36. Qxg5 Rxh5 37. Qf6+ 1-0

[Event "BRA-ch U16 Girls"]
[Site "Itajai"]
[Date "2017.06.02"]
[Round "3"]
[White "Delavy, Jhenifer Vitoria Co"]
[Black "Salvadego, Erika Giovana De O"]
[Result "0-1"]
[WhiteElo "1464"]
[BlackElo "1170"]
[PlyCount "124"]
[EventDate "2017.06.01"]
[EventType "swiss"]
[EventRounds "6"]
[EventCountry "BRA"]
[SourceTitle "CBM 179 Extra"]
[Source "ChessBase"]
[SourceDate "2017.08.23"]
[SourceVersion "1"]
[SourceVersionDate "2017.08.23"]
[SourceQuality "1"]

1. e4 e6 2. d3 d5 3. Nd2 c5 4. g3 Nc6 5. Bg2 Nf6 6. Ngf3 Be7 7. 0-0 0-0 8. Re1 b6 9. Nf1 Bb7 10. exd5 exd5 11. Ne3 Qd7 12. h3 b5 13. g4 Rfe8 14. Nf5 Bd6 15. Bg5 Rxe1+ 16. Qxe1 Ne8 17. Qd2 Nc7 18. Re1 Ne6 19. Nxd6 Qxd6 20. Bh4 h6 21. Bg3 Qd7 22. h4 Ned4 23. Nxd4 Nxd4 24. c3 Nc6 25. g5 h5 26. Qe2 g6 27. f4 Rd8 28. b3 d4 29. c4 b4 30. Bd5 Na5 31. Bxb7 Nxb7 32. Qe7 Nd6 33. f5 Qxe7 34. Rxe7 Nxf5 35. Bc7 Nxe7 36. Bxd8 Kf8 37. Kg2 Ke8 38. Bc7 Kd7 39. Be5 Nf5 40. Kh3 Ne3 41. Kg3 Nd1 42. Kf4 Nc3 43. Bxd4 Ne2+ 44. Ke5 cxd4 45. Kd5 Nf4+ 46. Kxd4 Ne6+ 47. Ke5 Ke7 48. d4 Ng7 49. c5 Nf5 50. d5 Nxh4 51. d6+ Kd7 52. Kf6 Nf5 53. Kxf7 Nxd6+ 54. cxd6 h4 55. Kxg6 h3 56. Kf5 h2 57. g6 h1Q 58. g7 Qh7+ 59. Kf6 Kxd6 60. Kf7 Kd5 61. Kf8 Qxg7+ 62. Kxg7 Kd4 0-1

[Event "Catarinense-ch (Women)"]
[Site "Blumenau"]
[Date "2017.05.21"]
[Round "6"]
[White "Delavy, Jhenifer Vitoria Co"]
[Black "Da Silva, Ana Caroline"]
[Result "1-0"]
[WhiteElo "1479"]
[BlackElo "1173"]
[PlyCount "105"]
[EventDate "2017.05.19"]
[EventType "swiss"]
[EventRounds "6"]
[EventCountry "BRA"]
[SourceTitle "CBM 178 Extra"]
[Source "ChessBase"]
[SourceDate "2017.06.22"]
[SourceVersion "1"]
[SourceVersionDate "2017.06.22"]
[SourceQuality "1"]

1. e4 e5 2. Nf3 Nc6 3. Bc4 Nf6 4. d3 Bc5 5. c3 0-0 6. 0-0 d6 7. Bb3 Be6 8. Nbd2 Re8 9. Re1 Ne7 10. Nf1 c6 11. Ng3 Ng6 12. Be3 Bb6 13. Bc2 Ng4 14. Bxb6 Qxb6 15. Qd2 d5 16. h3 Nf6 17. b3 dxe4 18. Nxe4 Nxe4 19. dxe4 Rad8 20. Qe3 Qxe3 21. Rxe3 c5 22. Ree1 Bd7 23. Rad1 Bc6 24. h4 f6 25. g3 h5 26. Nd2 b5 27. b4 c4 28. Nf1 Rd7 29. Rxd7 Bxd7 30. Rd1 Bc6 31. Ne3 Ne7 32. Nd5 Kf7 33. Nxe7 Rxe7 34. Rd6 Bb7 35. a4 bxa4 36. Bxa4 Bxe4 37. Bb5 Rc7 38. Ba4 Kg6 39. Bd1 Rc6 40. Rd7 Ra6 41. Be2 Ra1+ 42. Rd1 Rxd1+ 43. Bxd1 f5 44. f3 Bd3 45. Kf2 f4 46. g4 e4 47. gxh5+ Kxh5 48. fxe4+ Be2 49. Bxe2+ Kxh4 50. Bxc4 g5 51. Kf3 g4+ 52. Kxf4 g3 53. Bf1 1-0

[Event "Catarinense-ch (Women)"]
[Site "Blumenau"]
[Date "2017.05.21"]
[Round "5"]
[White "Feller, Gabriela Luisa Vice"]
[Black "Delavy, Jhenifer Vitoria Co"]
[Result "1-0"]
[WhiteElo "1572"]
[BlackElo "1479"]
[PlyCount "67"]
[EventDate "2017.05.19"]
[EventType "swiss"]
[EventRounds "6"]
[EventCountry "BRA"]
[SourceTitle "CBM 178 Extra"]
[Source "ChessBase"]
[SourceDate "2017.06.22"]
[SourceVersion "1"]
[SourceVersionDate "2017.06.22"]
[SourceQuality "1"]

1. d4 d5 2. c4 e6 3. Nf3 Nf6 4. e3 b6 5. Nbd2 Bb7 6. Bd3 Be7 7. 0-0 Nbd7 8. b3 0-0 9. a4 c5 10. Ba3 Rc8 11. Qe2 cxd4 12. Bxe7 Qxe7 13. Nxd4 Nc5 14. Bc2 Rfd8 15. Rfd1 dxc4 16. Nxc4 Bd5 17. Rac1 Bxc4 18. Qxc4 Kh8 19. Qb4 Qb7 20. Nf3 Rxd1+ 21. Bxd1 Nd3 22. Rxc8+ Qxc8 23. Qd2 Nc5 24. Ne5 Kg8 25. Qc2 Qc7 26. Nc4 Qd7 27. Be2 Nd5 28. Nd2 Nb4 29. Qc3 Nd5 30. Qd4 Nf6 31. Qf4 h6 32. Nf3 Nxb3 33. Qb8+ Kh7 34. Ne5 1-0

[Event "BRA-ch U16 Girls"]
[Site "Itajai"]
[Date "2016.06.10"]
[Round "2"]
[White "Delavy, Jhenifer Vitoria Co"]
[Black "Gomes, Maria Eduarda Papin"]
[Result "1-0"]
[WhiteElo "1474"]
[BlackElo "1575"]
[PlyCount "119"]
[EventDate "2016.06.09"]
[EventType "swiss"]
[EventRounds "6"]
[EventCountry "BRA"]
[SourceTitle "CBM 172 Extra"]
[Source "ChessBase"]
[SourceDate "2016.06.21"]
[SourceVersion "1"]
[SourceVersionDate "2016.06.21"]
[SourceQuality "1"]

1. e4 d5 2. exd5 Qxd5 3. Nc3 Qa5 4. d4 Nf6 5. Bd2 c6 6. h3 Bf5 7. Nf3 e6 8. a3 Nbd7 9. Bc4 Qc7 10. 0-0 Bd6 11. Re1 h6 12. Be3 g5 13. Bd3 Bxd3 14. Qxd3 g4 15. hxg4 Nxg4 16. Ne4 Bh2+ 17. Kh1 Bf4 18. Bxf4 Qxf4 19. Qd2 Qc7 20. Kg1 0-0-0 21. Kf1 Nb6 22. Ng3 Rd5 23. Qe2 h5 24. c4 Rdd8 25. c5 Nd5 26. Ne5 Ndf6 27. Nxg4 hxg4 28. Rad1 Rd5 29. Qd2 Kb8 30. Re3 Nh5 31. Nxh5 Rdxh5 32. Re4 g3 33. fxg3 Qxg3 34. Qf4+ Qxf4+ 35. Rxf4 R8h7 36. Kf2 Rh4 37. Rxh4 Rxh4 38. b4 Kc7 39. Kf3 Kd7 40. a4 Rh5 41. Re1 Rf5+ 42. Kg3 f6 43. b5 Rd5 44. Re4 e5 45. dxe5 fxe5 46. Rc4 Rd4 47. Rxd4+ exd4 48. Kf3 Ke6 49. Ke4 d3 50. Kxd3 Kd5 51. bxc6 bxc6 52. g4 Kxc5 53. g5 Kd6 54. Kc4 Ke6 55. Kc5 Kf5 56. Kxc6 Kxg5 57. a5 Kf6 58. Kb7 Ke6 59. Kxa7 Kd7 60. Kb7 1-0